Brand Vs Generic - Statistics

General Stats
  • This quiz has been taken 8 times
    5 since last reset
  • The average score is 41 of 113
Answer Stats
Hint Answer % Correct
Amitriptyline Elavil
100%
Citalopram Celexa
75%
Duloxetine Cymbalta
75%
Venlafaxine Effexor
75%
Metronidazole Flagyl
75%
Furosemide Lasix
75%
Paroxetine Paxil
75%
Quetiapine Seroquel
75%
Montelukast Singulair
75%
Latanoprost Xalatan
75%
Azithromycin Zithromax
75%
Sertraline Zoloft
75%
Aripirazole Abilify
50%
Amphetamine Adderall
50%
Fluticasone & salmeterol Advair
50%
Ibuprofen Advil
50%
Lorazepam Ativan
50%
Celecoxib Celebrex
50%
Ciprofloxacin Cipro
50%
Rosuvastatin Crestor
50%
Hydromorphone Dilaudid
50%
Apixaban Eliquis
50%
Tamsulosin CR Flomax
50%
Metformin Glucophage
50%
Sitagliptin Januvia
50%
Empagliflozin Jardiance
50%
Cephalexin Keflex
50%
Nitrofurantoin MacroBID
50%
Esomeprazole Nexium
50%
Amlodipine Norvasc
50%
Oxycodone and acetaminophen Percocet
50%
Pravastatin Pravachol
50%
Fluoxetine Prozac
50%
Levothyroxine Synthroid
50%
Acetaminophen Tylenol
50%
Diazepam Valium
50%
Valacyclovir Valtrex
50%
Lisdexamfetamine Vyvanse
50%
Rivaroxaban Xarelto
50%
Simvastatin Zocor
50%
Nifedipine Adalat
25%
Spironolactone Aldactone
25%
EE 20 mcg/levonorgestrel 0.1 mg Alesse
25%
Naproxen Aleve
25%
Brimonidine Alphagan
25%
Ramipril Altace
25%
Doxycycline Apprilon
25%
Acetylsalicyclic acid Aspirin
25%
Candesartan Atacand
25%
Ipratropium Atrovent
25%
Fluticasone furoate Avamys
25%
Irbesartan Avapro
25%
Nortirptyline Aventyl, Pamelor
25%
Brinzolamide Azopt
25%
Clarithromycin Biaxin
25%
Terbutaline Bricanyl
25%
Cefuroxime axetil Ceftin
25%
Escitalopram Cipralex
25%
Ciprofloxacin & dexamethasone Ciprodex
25%
Amoxicillin/ / clavulanic acid Clavulin
25%
Methylphenidate Concerta, Ritalin
25%
Perindopril Coversyl
25%
Losartan Cozaar
25%
Glyburide Diabeta
25%
Gliclazide Diamicron
25%
Fluconazole Diflucan
25%
Dextromethorphan DM
25%
Erythromycin Eryc
25%
Fluticasone propionate Flonase
25%
Fluticasone Flovent
25%
Dapagliflozin Forxiga
25%
Fusidic acid Fucithalmic Viscous
25%
Dimenhydrinate Gravol
25%
Zopiclone Imovane
25%
Canagliflozin Invokana
25%
Norethindrone 0.35 mg Jencycla
25%
Atorvastatin Lipitor
25%
EE 10 mcg/norethindrone 1 mg LOLO
25%
Metoprolol "L" or "B" Lopressor, Betaloc
25%
Omeprazole Losec
25%
Ethinyl estradiol 30mcg/desogestrel 0.15 mg Marvelon
25%
Trandolapril Mavik
25%
Desamethasone Maxidex
25%
Telmisartan Micardis
25%
EE 30 mcg/levonorgestrel 0.15 mg Min-Ovral
25%
Mometasone Nasonex
25%
Ofloxacin Ocuflox
25%
Olmesartan Olmetec
25%
Ciclesonide Omnaris
25%
Saxagliptin Onglyza
25%
Semaglutide Ozempic
25%
Rabeprazole Pariet
25%
Penicillin Pen Vee
25%
Clopidogrel Plavix
25%
Medroxyprogesterone Provera
25%
Cetirizine | Diphenhydramine Reactine
25%
Budesonide Rhinocort aqua
25%
Tiotropium Spiriva
25%
Atimixetine Strattera
25%
Cefixime Suprax
25%
Budesonide & formoterol fumerate dihydrate Symbicort
25%
Diltiazem Tiazac
25%
Tobramycin Tobrex
25%
EE 25 mcg/norgestimate 0.18 mg Tricira Lo
25%
EE 35 mcg/norgestimate 0.18 mg Tri-Jordyna
25%
Dulaglutide Trulicity
25%
Salbutamol Ventolin
25%
Liraglutide Victoza
25%
Bupropion Wellbutrin, Zyban
25%
EE 30 mcg/drospirenone 3 mg Yasmin
25%
EE 20 mcg/drospirenone 3 mg Yaz
25%
Sulfamethoxazole / trimethoprim Bactrim, Spetra, Sulfatrim
0%
No matching quizzes found
Score Distribution
Percent of People with Each Score
Percentile by Number Answered
Your Score History
You have not taken this quiz since the last reset